El hombre o la naturaleza

Shranjeno v:
Bibliografske podrobnosti
Glavni avtor: Bonnefous, Edouard (Author)
Format: Knjiga
Jezik:španščina
Izdano: Ciudad de México Fondo de Cultura Económica 1973
Serija:Fondo de Cultura Económica. Sección obras de ciencia y tecnología
Teme:
Oznake: Označite
Brez oznak, prvi označite!

MARC

LEADER 00000nam a2200000 a 4500
001 UCY1788
003 CL-VaPUC
008 940916e19730000MX |||||||||||||||||spa|d
082 0 4 |a 304.2  |b BON  |2 21 
100 0 |a Bonnefous, Edouard  |e author  |9 329797 
245 1 3 |a El hombre o la naturaleza 
300 |a 397 p 
942 |c BK 
945 |d 19940916 00:00:00  |a oaravena 
260 |a Ciudad de México  |b Fondo de Cultura Económica  |c 1973 
650 7 |a HOMBRE INFLUENCIA SOBRE LA NATURALEZA  |2 CL-VaPUC  |9 261172 
650 7 |a CONTAMINACION  |2 CL-VaPUC  |9 258139 
583 |a last modification  |c 19940916 00:00:00  |k Rodrigo Vera 
490 0 |a Fondo de Cultura Económica. Sección obras de ciencia y tecnología 
999 |c 230381  |d 230379 
952 |0 0  |1 0  |4 0  |6 304_200000000000000_BON_1973  |7 0  |8 A  |9 232592  |a BIBING  |b BIBING  |d 2019-11-15  |i 3020657  |o 304.2 BON 1973  |p 3020657  |r 2025-01-20  |w 2019-11-15  |y BK  |k GEO